00770nam a22001937a 4500999001900000005001700019010001500036020003000051035001400081037001300095082001400108100001800122245007900140260005000219270008100269300006200350942002800412952013600440 c177233d17723320210215165007.0 aENG-128977 c995.00a978-93-86473-87-5 aEN-112509 bDBAD/PUB a005.80954 aPathak, Ashok aIndia's Strategies for Information War and Cyber Deterrence/cAshok Pathak aNew DelhibVitasta Publishing Pvt. Ltd.c2020 bNew Delhia2/15, Ansari Roaad, Daryaganje110002minfo@vitastapublishing.com axvi+380p.c22cm(hbk)bIncluding bibliographic references. 2ddccENh005.80954mPAT 001040708NFICaAVbAVd2021-02-15eDBAD/PUBg995.00l0o005.80954 PATpEN-112509r2021-02-15 00:00:00t1v995.00w2021-02-15yEN